[Event "KGZ-ch U18"]
[Site "Bishkek"]
[Date "2019.01.07"]
[Round "4"]
[White "Satybaev, Akylbek"]
[Black "Beshimov, Mikhail"]
[Result "0-1"]
[WhiteElo "1351"]
[BlackElo "1821"]
[PlyCount "78"]
[EventDate "2019.01.04"]
[EventType "swiss"]
[EventRounds "9"]
[EventCountry "KGZ"]
[SourceTitle "CBM 189 Extra"]
[Source "ChessBase"]
[SourceDate "2019.05.31"]
[SourceVersion "1"]
[SourceVersionDate "2019.05.31"]
[SourceQuality "1"]

1. d4 Nf6 2. c4 c5 3. d5 b5 4. cxb5 a6 5. bxa6 Bxa6 6. Nc3 g6 7. e4 Bxf1 8. Kxf1 d6 9. Nge2 Bg7 10. g3 Nbd7 11. Kg2 0-0 12. Rb1 Qa5 13. Bd2 Rfb8 14. b3 Qa6 15. Qc2 Ne5 16. Nc1 c4 17. b4 h5 18. f4 Ned7 19. a4 Qa7 20. h3 Ne8 21. N1e2 Nc7 22. Qa2 Nb5 23. Nxb5 Rxb5 24. a5 Rc8 25. Rhc1 Qc7 26. Nc3 Bxc3 27. Rxc3 f5 28. exf5 gxf5 29. Qc2 Rxd5 30. Rc1 Qb7 31. Kh2 Qxb4 32. Rd3 Qb5 33. Rb1 Qc5 34. Rxd5 Qxd5 35. Bc3 Qd3 36. Qc1 Nc5 37. Qe1 Ne4 38. Rc1 Rb8 39. Bb4 Rxb4 0-1

[Event "Bishkek Smart Cup 4th"]
[Site "Bishkek"]
[Date "2019.??.??"]
[Round "2"]
[White "Beshimov, Mikhail"]
[Black "Mirlan Uulu, Syimyk"]
[Result "0-1"]
[WhiteElo "1837"]
[BlackElo "1668"]
[PlyCount "88"]
[EventDate "2019.02.01"]
[EventType "swiss"]
[EventRounds "9"]
[EventCountry "KGZ"]
[SourceTitle "EXT 2021"]
[Source "ChessBase"]
[SourceDate "2020.10.23"]
[SourceVersion "1"]
[SourceVersionDate "2020.10.23"]
[SourceQuality "1"]

1. Nf3 d5 2. c4 e6 3. g3 Nf6 4. Bg2 c5 5. 0-0 Nc6 6. d3 Be7 7. Nbd2 0-0 8. b3 Kh8 9. cxd5 exd5 10. Bb2 d4 11. Nc4 Nd5 12. Nfe5 Nxe5 13. Nxe5 Bf6 14. Nc4 Re8 15. Re1 Bg4 16. Rc1 Rc8 17. Nd2 Bg5 18. Ra1 f5 19. Nf3 Bf6 20. Qd2 b6 21. a3 a5 22. Kf1 h6 23. Qc2 f4 24. Nd2 Be5 25. Ne4 h5 26. Bc1 h4 27. h3 fxg3 28. hxg4 h3 29. fxg3 Ne3+ 30. Bxe3 dxe3 31. Rab1 Bxg3 32. Nxg3 Qh4 33. Nh1 h2 34. Rec1 Qxg4 35. Qc4 Rf8+ 36. Ke1 Qxg2 37. Qh4+ Kg8 38. Kd1 Rf1+ 39. Kc2 Qxe2+ 40. Kc3 Qd2+ 41. Kc4 Rxc1+ 42. Rxc1 Qxc1+ 43. Kb5 e2 44. Qg4 Re8 0-1

[Event "Bishkek Smart Cup 4th"]
[Site "Bishkek"]
[Date "2019.??.??"]
[Round "7"]
[White "Beshimov, Mikhail"]
[Black "Sakibaev, Nursultan"]
[Result "1/2-1/2"]
[WhiteElo "1837"]
[BlackElo "1670"]
[PlyCount "82"]
[EventDate "2019.02.01"]
[EventType "swiss"]
[EventRounds "9"]
[EventCountry "KGZ"]
[SourceTitle "EXT 2021"]
[Source "ChessBase"]
[SourceDate "2020.10.23"]
[SourceVersion "1"]
[SourceVersionDate "2020.10.23"]
[SourceQuality "1"]

1. e4 c5 2. Nf3 d6 3. c3 Nf6 4. g3 e5 5. d3 Be7 6. Nbd2 Nc6 7. Bg2 0-0 8. 0-0 Re8 9. Nc4 Be6 10. Ne3 d5 11. Ng5 d4 12. Nxe6 fxe6 13. Ng4 Qb6 14. Nxf6+ Bxf6 15. c4 a6 16. f4 exf4 17. Bxf4 Ne5 18. Bh3 Rad8 19. Rf2 Qc7 20. Qh5 b5 21. b3 bxc4 22. bxc4 g6 23. Bxe5 Qxe5 24. Qxe5 Bxe5 25. Rb1 Rb8 26. Rxb8 Bxb8 27. Rf6 Kg7 28. Rxe6 Rxe6 29. Bxe6 Kf6 30. Bd5 a5 31. Bc6 Be5 32. Kf2 h6 33. Kf3 Ke7 34. Kg4 Kf6 35. h3 Bc7 36. Be8 Bd6 37. h4 Bc7 38. Kf3 Be5 39. h5 g5 40. Bc6 Bd6 41. g4 Be5 1/2-1/2

[Event "Bishkek Smart Cup 4th"]
[Site "Bishkek"]
[Date "2019.??.??"]
[Round "3"]
[White "Pahomeev, Oleg"]
[Black "Beshimov, Mikhail"]
[Result "1/2-1/2"]
[WhiteElo "1846"]
[BlackElo "1837"]
[PlyCount "82"]
[EventDate "2019.02.01"]
[EventType "swiss"]
[EventRounds "9"]
[EventCountry "KGZ"]
[SourceTitle "EXT 2021"]
[Source "ChessBase"]
[SourceDate "2020.10.23"]
[SourceVersion "1"]
[SourceVersionDate "2020.10.23"]
[SourceQuality "1"]

1. e4 c6 2. d4 d5 3. Nc3 dxe4 4. Nxe4 Nd7 5. Nf3 Ngf6 6. Neg5 e6 7. Bd3 Bd6 8. Qe2 h6 9. Nh3 Qc7 10. Bd2 c5 11. 0-0-0 b6 12. Rhe1 Bb7 13. g3 0-0-0 14. Ba6 Kb8 15. Bxb7 Qxb7 16. Nf4 Bc7 17. Nd3 Ka8 18. Kb1 Rc8 19. c4 Rhd8 20. Bc3 cxd4 21. Nxd4 Bb8 22. f4 Nc5 23. Nxc5 Rxc5 24. b3 e5 25. fxe5 Rxe5 26. Qc2 Ng4 27. Nf5 Rxd1+ 28. Rxd1 Rxf5 29. Qxf5 Ne3 30. Qd3 Nxd1 31. Qxd1 Qe4+ 32. Qc2 Qxc2+ 33. Kxc2 g6 34. Bg7 h5 35. Bf6 Kb7 36. Kd3 Kc6 37. Ke4 Bd6 38. Be5 Be7 39. h3 a6 40. g4 hxg4 41. hxg4 b5 1/2-1/2

[Event "KGZ-ch HL"]
[Site "Bishkek"]
[Date "2018.05.18"]
[Round "8"]
[White "Beshimov, Mikhail"]
[Black "Sulaimanov, Tilekmatali"]
[Result "1-0"]
[WhiteElo "1877"]
[BlackElo "1304"]
[PlyCount "109"]
[EventDate "2018.05.11"]
[EventType "swiss"]
[EventRounds "9"]
[EventCountry "KGZ"]
[SourceTitle "EXT 2019"]
[Source "ChessBase"]
[SourceDate "2018.10.10"]
[SourceVersion "1"]
[SourceVersionDate "2018.10.10"]
[SourceQuality "1"]

1. e4 e6 2. d4 d5 3. e5 c5 4. c3 Qb6 5. Nf3 Nc6 6. a3 Nh6 7. b4 cxd4 8. cxd4 Nf5 9. Bb2 Bd7 10. g4 Nfe7 11. Nc3 Na5 12. Na4 Qc6 13. b5 Qc7 14. Rc1 Qd8 15. Nc5 b6 16. Nxd7 Qxd7 17. Nd2 Ng6 18. h4 h5 19. g5 Ne7 20. Bc3 Nf5 21. Bxa5 bxa5 22. Qa4 Be7 23. Bd3 Bd8 24. Nb3 0-0 25. Rc6 Bb6 26. Bxf5 exf5 27. f4 Rac8 28. Kd2 Rxc6 29. bxc6 Qe6 30. Rc1 Rc8 31. Qb5 Kh7 32. Kd3 f6 33. Nxa5 Bxa5 34. Qxa5 fxe5 35. dxe5 Rxc6 36. Rc5 Rxc5 37. Qxc5 Qa6+ 38. Kd4 Qa4+ 39. Kxd5 Qe4+ 40. Ke6 Qxf4 41. Qc2 Qe4 42. Qf2 f4 43. Qxa7 f3 44. Qf2 Qe2 45. Qg1 Kg8 46. Qb1 Qa6+ 47. Kf5 f2 48. Qa2+ Kh7 49. Qxf2 Qxa3 50. g6+ Kh8 51. Qe2 Qf8+ 52. Kg5 Qe7+ 53. Kxh5 Kg8 54. Qa2+ Kf8 55. Qa8+ 1-0

[Event "KGZ-ch HL"]
[Site "Bishkek"]
[Date "2018.05.15"]
[Round "5"]
[White "Beshimov, Mikhail"]
[Black "Abylkasymov, Kairatbek"]
[Result "0-1"]
[WhiteElo "1877"]
[BlackElo "1702"]
[PlyCount "132"]
[EventDate "2018.05.11"]
[EventType "swiss"]
[EventRounds "9"]
[EventCountry "KGZ"]
[SourceTitle "EXT 2019"]
[Source "ChessBase"]
[SourceDate "2018.10.10"]
[SourceVersion "1"]
[SourceVersionDate "2018.10.10"]
[SourceQuality "1"]

1. e4 c5 2. Nf3 e6 3. g3 Nc6 4. Bg2 d5 5. exd5 exd5 6. 0-0 Bg4 7. d3 Bd6 8. c4 d4 9. Nbd2 Nf6 10. Re1+ Be7 11. Qb3 Qc7 12. Ne4 Nxe4 13. Rxe4 Bf5 14. Bf4 Qb6 15. Ree1 0-0 16. Ne5 Qxb3 17. axb3 Nb4 18. Bxb7 Rae8 19. Be4 Bxe4 20. Rxe4 f5 21. Re2 Bd6 22. Rae1 Bxe5 23. Rxe5 Rxe5 24. Rxe5 Nxd3 25. Rd5 g6 26. b4 Nxf4 27. gxf4 cxb4 28. Rxd4 a5 29. Kf1 Re8 30. c5 Rc8 31. Rc4 Kf7 32. Ke2 Ke6 33. Kd3 Rd8+ 34. Ke3 Rd7 35. c6 Rc7 36. Kd4 Kd6 37. Rc5 Rxc6 38. Rxa5 Rc2 39. Ra6+ Ke7 40. Ra7+ Kf6 41. Rxh7 Rxb2 42. Kc4 Rxf2 43. Kxb4 Rxf4+ 44. Kc3 Kg5 45. Kd3 Rh4 46. Rf7 Rxh2 47. Ke3 Rh3+ 48. Kf2 Ra3 49. Rb7 Kg4 50. Rb4+ f4 51. Rb2 g5 52. Kg2 Kh4 53. Rb6 Rc3 54. Ra6 Kg4 55. Ra2 Re3 56. Kf2 Rh3 57. Ra5 Rh2+ 58. Kg1 Rb2 59. Rc5 Kh4 60. Rf5 Ra2 61. Kf1 Kg4 62. Rb5 f3 63. Rc5 Kf4 64. Rc4+ Kg3 65. Rc1 Rh2 66. Kg1 f2+ 0-1

[Event "KGZ-ch HL"]
[Site "Bishkek"]
[Date "2018.05.14"]
[Round "4"]
[White "Esenbek Uulu, Bakai"]
[Black "Beshimov, Mikhail"]
[Result "1-0"]
[WhiteElo "2029"]
[BlackElo "1877"]
[PlyCount "77"]
[EventDate "2018.05.11"]
[EventType "swiss"]
[EventRounds "9"]
[EventCountry "KGZ"]
[SourceTitle "EXT 2019"]
[Source "ChessBase"]
[SourceDate "2018.10.10"]
[SourceVersion "1"]
[SourceVersionDate "2018.10.10"]
[SourceQuality "1"]

1. d4 d5 2. Nf3 Nf6 3. Bg5 h6 4. Bh4 Bf5 5. e3 Nbd7 6. c4 e6 7. Nc3 Be7 8. Qb3 dxc4 9. Bxc4 Nb6 10. Bb5+ c6 11. Be2 Nfd5 12. Bg3 Nxc3 13. bxc3 Qd5 14. 0-0 Qxb3 15. axb3 Bc2 16. Rfc1 Bxb3 17. Rcb1 Bc4 18. Bxc4 Nxc4 19. Rxb7 Bd6 20. Ra4 Bxg3 21. hxg3 Nd6 22. Rbxa7 Rxa7 23. Rxa7 0-0 24. Ra6 Rb8 25. Nd2 Rb2 26. Rxc6 Nb5 27. Ne4 Na3 28. g4 Rb1+ 29. Kh2 Rc1 30. Kg3 Nb1 31. c4 g5 32. d5 f5 33. Nf6+ Kf7 34. Rxe6 fxg4 35. Nxg4 h5 36. Ne5+ Kf8 37. d6 Nd2 38. d7 Nf1+ 39. Kh3 1-0

[Event "KGZ-ch HL"]
[Site "Bishkek"]
[Date "2018.05.11"]
[Round "1"]
[White "Beshimov, Mikhail"]
[Black "Mirlan, Uulu Syimyk"]
[Result "1/2-1/2"]
[WhiteElo "1877"]
[BlackElo "1420"]
[PlyCount "78"]
[EventDate "2018.05.11"]
[EventType "swiss"]
[EventRounds "9"]
[EventCountry "KGZ"]
[SourceTitle "EXT 2019"]
[Source "ChessBase"]
[SourceDate "2018.10.10"]
[SourceVersion "1"]
[SourceVersionDate "2018.10.10"]
[SourceQuality "1"]

1. e4 e6 2. d4 d5 3. e5 c5 4. c3 Nc6 5. Nf3 Nge7 6. a3 a5 7. Bd3 Ng6 8. g3 Qb6 9. 0-0 Bd7 10. a4 cxd4 11. cxd4 Nxd4 12. Nxd4 Qxd4 13. Bxg6 Qxd1 14. Bxf7+ Kxf7 15. Rxd1 Bc5 16. Nc3 Bc6 17. Ne2 b5 18. Bd2 Bb6 19. axb5 Bxb5 20. Nc3 Bc6 21. Na4 Bxa4 22. Rxa4 Rhc8 23. Bc3 Rab8 24. Rda1 Rc5 25. Bxa5 Bxa5 26. Rxa5 Rxa5 27. Rxa5 Rxb2 28. Kf1 Kg6 29. Ra7 h5 30. h4 Kf5 31. Rxg7 d4 32. f3 Kxe5 33. Rg5+ Kf6 34. Rxh5 Rb1+ 35. Ke2 Rb2+ 36. Kd3 Rb3+ 37. Kxd4 Rxf3 38. Rg5 e5+ 39. Rxe5 Rxg3 1/2-1/2

[Event "Bishkek Smart Cup 3rd"]
[Site "Bishkek"]
[Date "2018.03.18"]
[Round "2"]
[White "Beshimov, Mikhail"]
[Black "Pahomeev, Oleg"]
[Result "1-0"]
[WhiteElo "1877"]
[BlackElo "1968"]
[PlyCount "93"]
[EventDate "2018.03.17"]
[EventType "tourn"]
[EventRounds "7"]
[EventCountry "KGZ"]
[SourceTitle "EXT 2019"]
[Source "ChessBase"]
[SourceDate "2018.10.10"]
[SourceVersion "1"]
[SourceVersionDate "2018.10.10"]
[SourceQuality "1"]

1. e4 e5 2. Bc4 Nf6 3. d3 c6 4. Nf3 Be7 5. 0-0 d6 6. c3 0-0 7. Nbd2 Nbd7 8. Re1 b5 9. Bb3 Nc5 10. Bc2 Qc7 11. Nf1 a5 12. Ng3 g6 13. Bh6 Re8 14. h3 a4 15. Qd2 Ne6 16. Ng5 Nf4 17. Ne2 N6h5 18. Nxf4 Nxf4 19. Nf3 Ne6 20. a3 Nd8 21. d4 f6 22. Be3 Be6 23. Nh2 Nb7 24. f4 Na5 25. f5 Nc4 26. Qf2 Nxe3 27. Rxe3 Bd7 28. Rg3 g5 29. h4 h6 30. Qf3 Rf8 31. Qh5 Be8 32. Qxh6 Bd8 33. hxg5 fxg5 34. Rh3 Qg7 35. Qe6+ Qf7 36. Qxd6 Bc7 37. Qh6 Qg7 38. Qxg7+ Kxg7 39. dxe5 Bxe5 40. Ng4 Bd6 41. e5 Bc5+ 42. Kh1 Rh8 43. f6+ Kg8 44. Nh6+ Rxh6 45. Rxh6 Bf7 46. Bh7+ Kf8 47. Bf5 1-0

[Event "Bishkek Smart Cup"]
[Site "Bishkek"]
[Date "2017.10.16"]
[Round "10"]
[White "Chubakov, Sultan"]
[Black "Beshimov, Mikhail"]
[Result "0-1"]
[WhiteElo "1750"]
[BlackElo "1783"]
[PlyCount "54"]
[EventDate "2017.10.07"]
[EventType "tourn"]
[EventRounds "10"]
[EventCountry "KGZ"]
[SourceTitle "CBM 181 Extra"]
[Source "ChessBase"]
[SourceDate "2017.12.12"]
[SourceVersion "1"]
[SourceVersionDate "2017.12.12"]
[SourceQuality "1"]

1. d4 d5 2. c4 c6 3. cxd5 cxd5 4. Nf3 Nf6 5. Nc3 Nc6 6. Bf4 e6 7. e3 Be7 8. Bd3 a6 9. 0-0 0-0 10. Ne5 Nxe5 11. dxe5 Nd7 12. Qh5 g6 13. Qh3 Re8 14. Rac1 Bf8 15. Bg3 Qb6 16. Ne2 Bg7 17. f4 Qxe3+ 18. Bf2 Qxh3 19. gxh3 g5 20. fxg5 Nxe5 21. Nf4 Nxd3 22. Nxd3 Bd7 23. Bb6 Bb5 24. Rf3 Bxd3 25. Rxd3 Rac8 26. Rf1 Rc6 27. Rb3 Rxb6 0-1

[Event "Bishkek Smart Cup"]
[Site "Bishkek"]
[Date "2017.10.11"]
[Round "5"]
[White "Beshimov, Mikhail"]
[Black "Chubakov, Sultan"]
[Result "1-0"]
[WhiteElo "1783"]
[BlackElo "1750"]
[PlyCount "117"]
[EventDate "2017.10.07"]
[EventType "tourn"]
[EventRounds "10"]
[EventCountry "KGZ"]
[SourceTitle "CBM 181 Extra"]
[Source "ChessBase"]
[SourceDate "2017.12.12"]
[SourceVersion "1"]
[SourceVersionDate "2017.12.12"]
[SourceQuality "1"]

1. e4 c5 2. Nf3 d6 3. d3 Nc6 4. g3 g6 5. Bg2 Bg7 6. 0-0 e6 7. Nbd2 Nge7 8. Re1 0-0 9. Nf1 d5 10. Ne3 d4 11. Ng4 h5 12. Nh6+ Kh8 13. g4 hxg4 14. Nxg4 e5 15. h3 Bxg4 16. hxg4 Qd7 17. Nh2 Nd8 18. g5 Kg8 19. Ng4 f6 20. gxf6 Bxf6 21. Qf3 Bg7 22. Qh3 Ne6 23. Bh6 Bxh6 24. Nxh6+ Kg7 25. Ng4 Rh8 26. Qg3 Nf4 27. Nxe5 Nh3+ 28. Bxh3 Qxh3 29. Qxh3 Rxh3 30. Kg2 Rh5 31. Nf3 Nc6 32. Rh1 Nb4 33. Rxh5 gxh5 34. a3 Nc6 35. Rh1 Kh6 36. Rh3 Re8 37. Rg3 Ne5 38. Nxe5 Rxe5 39. f4 Re7 40. Kh3 c4 41. Kh4 cxd3 42. cxd3 Rc7 43. Rg5 Rc2 44. Rxh5+ Kg6 45. Rg5+ Kf6 46. Rb5 b6 47. Rb4 Rd2 48. Rxd4 Rxb2 49. Rd7 a5 50. Kg4 b5 51. f5 b4 52. axb4 axb4 53. Kf4 Rf2+ 54. Ke3 Rb2 55. Rb7 b3 56. Kd4 Rb1 57. Kc3 Rc1+ 58. Kb2 Rd1 59. Rxb3 1-0

[Event "Bishkek Smart Cup"]
[Site "Bishkek"]
[Date "2017.10.10"]
[Round "4"]
[White "Beshimov, Mikhail"]
[Black "Vilinsky, Vladimir"]
[Result "1/2-1/2"]
[WhiteElo "1783"]
[BlackElo "2025"]
[PlyCount "105"]
[EventDate "2017.10.07"]
[EventType "tourn"]
[EventRounds "10"]
[EventCountry "KGZ"]
[SourceTitle "CBM 181 Extra"]
[Source "ChessBase"]
[SourceDate "2017.12.12"]
[SourceVersion "1"]
[SourceVersionDate "2017.12.12"]
[SourceQuality "1"]

1. e4 c6 2. d4 d6 3. Nf3 g6 4. Be3 Bg7 5. c3 Nf6 6. Nbd2 Nbd7 7. h3 0-0 8. Bd3 Qc7 9. 0-0 b6 10. a4 Rb8 11. Re1 Bb7 12. a5 Rfe8 13. Qc2 b5 14. Nf1 a6 15. Bf4 e5 16. dxe5 dxe5 17. Bh2 Nh5 18. c4 b4 19. c5 Bf8 20. Bc4 Nxc5 21. Ng5 Re7 22. Be2 Ne6 23. Nxe6 Rxe6 24. Bxh5 gxh5 25. Qe2 Rbe8 26. Ne3 c5 27. Nc4 Rh6 28. Rad1 Bg7 29. Qf3 Qe7 30. Rd2 Qg5 31. Nd6 Rf6 32. Qe3 Qxe3 33. Rxe3 Rd8 34. Bxe5 Re6 35. Bxg7 Rexd6 36. Rxd6 Rxd6 37. Rg3 Rd1+ 38. Kh2 Bxe4 39. Bd4+ Bg6 40. Bxc5 Rd2 41. Bxb4 Rxb2 42. Bc5 Ra2 43. Bb6 Rc2 44. Re3 Rc8 45. Kg3 Kf8 46. Bd4 Rc6 47. Rc3 Rxc3+ 48. Bxc3 Ke7 49. Kf4 Ke6 50. Kg5 f5 51. g4 fxg4 52. hxg4 hxg4 53. Kxg4 1/2-1/2

[Event "Bishkek Altyn Tuyun op"]
[Site "Bishkek"]
[Date "2017.??.??"]
[Round "2"]
[White "Beshimov, Mikhail"]
[Black "Alisherov, Alikhan"]
[Result "1-0"]
[WhiteElo "1914"]
[BlackElo "1345"]
[PlyCount "51"]
[EventDate "2017.11.01"]
[EventType "swiss"]
[EventRounds "7"]
[EventCountry "KGZ"]
[SourceTitle "CBM 181 Extra"]
[Source "ChessBase"]
[SourceDate "2017.12.12"]
[SourceVersion "1"]
[SourceVersionDate "2017.12.12"]
[SourceQuality "1"]

1. e4 c5 2. Nf3 e6 3. d3 Nc6 4. g3 d6 5. Nbd2 Be7 6. Bg2 Nf6 7. 0-0 0-0 8. Re1 e5 9. Nf1 Be6 10. Ne3 Rb8 11. Nh4 Qd7 12. Nef5 Nd4 13. g4 Ne8 14. Nxe7+ Qxe7 15. Nf5 Nxf5 16. exf5 Bd7 17. c4 Qh4 18. Re3 Qe7 19. Rh3 Nc7 20. Be4 f6 21. g5 Qf7 22. g6 hxg6 23. fxg6 Qe6 24. Rh8+ Kxh8 25. Qh5+ Kg8 26. Qh7# 1-0